Német újságíró vendégek Szegeden
Elmentve itt :
| Dokumentumtípus: | Cikk |
|---|---|
| Megjelent: |
1972-09-21
|
| Sorozat: | Délmagyarország
62 No. 223 |
| Kulcsszavak: | sajtó |
| Online Access: | http://dmarchiv.bibl.u-szeged.hu/119225 |
| LEADER | 00401nab a2200145 i 4500 | ||
|---|---|---|---|
| 001 | delm119225 | ||
| 005 | 20190319124816.0 | ||
| 008 | 190319s1972 hu o 0|| hun d | ||
| 040 | |a SZTE Délmagyarország Archívum |b hun | ||
| 041 | |a hun | ||
| 245 | 0 | 0 | |a Német újságíró vendégek Szegeden |h [elektronikus dokumentum] |
| 260 | |c 1972-09-21 | ||
| 300 | |a 5 | ||
| 490 | 0 | |a Délmagyarország |v 62 No. 223 | |
| 695 | |a sajtó | ||